| 000 | 00810nam a2200229 a 4500 | ||
|---|---|---|---|
| 001 | 000005219 | ||
| 005 | 20200929151618.0 | ||
| 008 | 090818s1992 sp 000 0 spa d | ||
| 020 | _a8476583605 | ||
| 040 |
_aDO-SdBNP _bspa _cBNPHU |
||
| 082 |
_a291.1 _bC913r |
||
| 245 | 0 | 0 |
_aCreencia y racionalidad : _blecturas de filosofía de la religión / _cW. P. Alston...[et.al.]. ; editor Enrique Romerales. |
| 260 |
_aBarcelona, España : _bAnthropos, _c1992. |
||
| 300 |
_a334 p. ; _c20 cm. |
||
| 490 | 1 | _aFilosofía de la religión | |
| 504 | _aIncluye referencias bibliográficas y notas al pie de las páginas | ||
| 504 | _aBibliografía : p. 325-328 | ||
| 650 | 4 |
_aReligión _xFilosofía _914903 |
|
| 700 | 1 |
_aRomerales, Enrique, _eed. _914904 |
|
| 830 | 0 |
_aFilosofía de la religión _914905 |
|
| 049 | _aBNPD | ||
| 999 |
_c5020 _d5020 |
||